00451 2200181 4500001002100000005001500021008004100036020001800077035002000095082001000115084001600125100001400141245003700155250001100192260003000203300002300233990001300256INLIS00000000000246520251010092333251010 f ind  a9786238829620 a0010-0925000015 a808.9 a808.9 TER n0 aTere Liye1 aNegeri Para Bedebah /cTere Liye acet.12 aDepok :bSabakgrip,c2025 a436 hlm. ;c20 cm. a0015/FIK